| 000 | 00899nam a2200241 i 4500 | ||
|---|---|---|---|
| 001 | 41970 | ||
| 003 | ES-MaACL | ||
| 005 | 20250303062540.0 | ||
| 007 | t| | ||
| 008 | 030312s1895 sp |||| | spa d | ||
| 100 | 1 |
_aCasas Fernández, Manuel. _936220 |
|
| 245 | 1 | 0 |
_aAgape y la revolución priscilianista en el siglo IV / _cpor M. Casas Fernández ; con una carta de Emilia Pardo Bazán. |
| 260 |
_aLa Coruña : _b[s.n.], _c1895 ( _fTip. de la Casa de Misericordia) |
||
| 300 |
_a16 p. ; _c21 cm. |
||
| 490 | 1 |
_aBiblioteca de mujeres célebres de Galicia ; _v1 |
|
| 600 | 1 | 4 |
_aPrisciliano. _9131376 |
| 650 | 0 | 4 |
_aPriscilianismo. _916406 |
| 700 | 1 |
_aPardo Bazán, Emilia, _cCondesa de, _d1851-1921 _9176434 |
|
| 830 | 0 |
_aBiblioteca de mujeres célebres de Galicia ; _v1 _9176450 |
|
| 852 |
_aES-MaACL _jT-1100-F-5 _z.- Dedicatoria autógrafa del autor |
||
| 942 | _2udc | ||
| 999 |
_c41970 _d41970 |
||